| 000 | 00502nam a2200145 4500 | ||
|---|---|---|---|
| 008 | 030306s1950 us 0 eng | ||
| 090 |
_aBS1515 _bA15 |
||
| 100 | 1 | _aAllis, Oswald Thompson | |
| 245 | 1 | 0 |
_aThe Unity of Isaiah : _ba study in prophecy / _cOswald Thompson Allis. |
| 260 |
_aPhiladelphia : _bPresbyterian and Reformed, _cc1950. |
||
| 300 | _a134 p. | ||
| 504 | _aAppendices, pp. 126-134 | ||
| 651 | 4 | _aBible. O.T. Isaiah. | |
| 951 |
_p5876 _x00002410 _oBS1515/A15 _j070613111221078 _d2000-12-21 _cGC |
||
| 999 |
_c14824 _d14824 |
||